000 00738nam a2200289Ia 4500
005 20260324131109.0
008 008 260324s9999 xx 000 0 eng d
020 _a9780203965160
037 _aEBOOK
040 _aCRL
040 _beng
040 _cCRL
041 _2eng
041 _aeng
084 _qCRL
100 _aMonica Lanyado; Ann Horne; Bernard Barnett
_91184204
245 2 _aA Question of Technique
245 0 _bIndependent Psychoanalytic Approaches with Children and Adolescents
260 _bTaylor and Francis
260 _c2006
365 _a
365 _b195
856 _uhttp://www.taylorfrancis.com/books/9780203965160
942 _cEBOOK
999 _c1781067
_d1781067